000 00291nam a2200121Ia 4500
008 190216s9999||||xx |||||||||||||| ||und||
100 _aPiskunov
245 0 _aDifferential And Integral Calculus-Volume-1
260 _bMir Publishers
300 _a471
650 _aMathematics
942 _cBK
999 _c30688
_d30688